01531nam a2200277 a 4500001001000000005001700010008004100027041000800068044000800076084002000084100004500104245012100149250000600270260003000276300002200306500017300328500017100501500031000672500001000982546002400992650005201016650005601068650003401124650004501158740005001203BRCA_321220190320204151.0270209s1761----enka---###---#000-0#eng-# aeng aenk a513b.O83c17611 aCervantes Saavedra, Miguel ded1547-161610aThe History and Adventures of the Renowned Don QuixotecTranslated from the Spanish of Miguel de Cervantes Saavedra. a2 aLondresbT. Osbornec1761 a4 v.bil.c18 cm. aContenido : v.1. Primera parte. Vida de Cervantes. Nota del traductor. Prólogo de Cervantes. -- v.2. Primera parte. Texto. -- v.3. Segunda parte. Texto. -- v.4. Texto aEdición : To which is Prefixed, some Account of the Author´s Life by T. Smollett. Illustrated with 28 new Copper-Plates, designed by Hayman, and Elegantly Engraved aSegunda edición de la traducción de Smollett. Se distingue de la primera en haber suprimido el prólogo de Cervantes a la segunda parte, y las aprobaciones y licencias de la edición de Cuesta. Edición económica, bastante bien impresa. Piel; lomos y planos decorados con dorados Lúdovik Osterc aQM750 aTexto en : inglés14aNovela españolayÉpoca clásica, 1500-170014aLiteratura españolayÉpoca clásica, 1500-170014aNovela españolaySiglo XVII14aDon Quijote (Personaje ficticio)eNovela0 aEl Ingenioso Hidalgo Don Quijote de la Mancha